000 00956nam1a22002411i 4500
001 rc\3009175
005 20240726003734.0
035 _a(NLR Aleph) 007151822
090 _a7159619
_c7159619
100 _a20110923d1935 |||y0rusy50 ca
101 0 _arus
102 _aRU
105 _ay z |||||
200 1 _aСборник алгебраических задач
_eДля сред. школы
_eУтв. Наркомпросом РСФСР.Ч. 1-
_fН.А. Шапошников и Н.К. Вальцов
205 _a4-е изд.
210 _aМосква
_cГос. учеб.-пед. изд-во
_d1935
_g18 тип. треста "Полиграфкнига"
215 _d20х14 см
700 1 _aШапошников
_bН.А.
_gНиколай Александрович
701 1 _aВальцов
_bН.К.
_gНиколай Константинович
801 0 _aRU
_bNLR
_gpsbo
801 1 _aRU
_bELAR
_2rusmarc
852 _aNLR
_j34-16/343(1)
942 _cBOOK